00310nam a22000977a 4500008004100000082001600041100001600057245008600073260004400159300000900203230619b xxu||||| |||| 00| 0 eng d a301.45bBES cElsdon best aThe Maori As he WasbA brief account of maori life as it was in pre-european days aWellington, New ZealandbR.E Owenc1952 a295p